000 00497nam a2200181Ia 4500
008 100920s9999 xx 000 0 und d
082 _b51390
_a--- 0
100 _aराजपूत रघुवीरसिंह.
245 _aसर्वनाश.
260 _b---
_c0
300 _a92
_bसाधी
365 _b30
520 _aकादंबरी.
630 _aसर्वनाश.
650 _aकादंबरी.
730 _aसर्वनाश.
942 _cBOOK
999 _c697231
_d697228